Dates : Histoire de l'Italie (depuis 476) - Statistiques

Statistiques générales
  • Ce quiz a été pris 71 fois
  • Le résultat moyen est 3 sur 15
Statistiques - réponses
Evénement Dates % Correct
Arrivée de Mussolini au pouvoir 1922
93%
Fin du Risorgimiento 1870
35%
Bataille de Lépante 1571
33%
Arrivée de Silvio Berlusconi au pouvoir 1994
23%
Cavour devient premier ministre de Sardaigne 1860
17%
Mort de Laurent de Medicis 1492
15%
Fin des Guerres d'Italie 1559
15%
Otton Ier devient Empereur du Saint-Empire Romain Germanique 962
12%
Conquête de la Sicile par les Normands 1071
7%
Fondation de la Ligue Lombarde 1167
7%
Bataille de Legnano 1176
7%
Les Lombards envahissent l'Italie Byzantine 568
5%
Vivaldi compose les Quatre Saisons 1725
3%
Conquête de l'Italie par Théodoric le Grand 493
3%
Francesco Sforza devient duc de Milan 1450
2%
Aucun quiz correspondant
Distribution des résultats
% des personnes avec chaque résultat
Percentile par nombre de réponses
Votre historique - résultats
Vous n’avez pas pris ce quiz